00359nam a2200121Ia 450000500170000000800410001702000180005808200130007610000150008924500260010426000860013030000210021620250623020340.0240331s9999 xx 000 0 und d a9789551468064 bFERa323 aFernando,B 0aManawa himikam pahana aPeople's Alliance to Eliminate Torture in Sri Lanka Asian Human Rights Commission a151 p., ( 2nd C)